African Cities by Picture - Statistics

General Stats
  • This quiz has been taken 198 times
    89 since last reset
  • The average score is 11 of 15
Answer Stats
Picture Answer % Correct
Giza
96%
Cairo
95%
Cape Town
95%
Nairobi
88%
Casablanca
78%
Djibouti
77%
Luxor
76%
Brazzaville / Kinshasa
74%
Timbuktu
74%
Dakar
68%
Addis Ababa
67%
Algiers
63%
Fez
59%
Alexandria
50%
Luanda
49%
No matching quizzes found
Score Distribution
Percent of People with Each Score
Percentile by Number Answered
Your Score History
You have not taken this quiz since the last reset